Occupied America; the Chicano's struggle toward liberation.

Bibliographic Details
Main Author: Acuña, Rodolfo
Format: Book
Language:English
Published: San Francisco : Canfield Press, [1972]
Subjects:

MARC

Tag First Indicator Second Indicator Subfields
LEADER 00000cam a2200000 4500
001 in00000243621
005 20151010051019.0
008 730129s1972 caua b 00100 eng
010 |a  72086850  
020 |a 0063805817 
020 |a 006380580X (pbk) 
035 |a (OCoLC)00578166 
035 |9 ABB3681AM 
040 |a DLC  |c DLC  |d TXA  |d UtOrBLW 
043 |a n-us---  |a n-mx--- 
049 |a TXAM  |c [712995] 
050 0 0 |a E184.M5  |b A63 1972 
082 0 |a 973/.04/6872 
100 1 |a Acuña, Rodolfo. 
245 1 0 |a Occupied America; the Chicano's struggle toward liberation. 
264 1 |a San Francisco :  |b Canfield Press,  |c [1972] 
300 |a vi, 282 pages :  |b illustrations ;  |c 24 cm. 
336 |a text  |b txt  |2 rdacontent 
337 |a unmediated  |b n  |2 rdamedia 
338 |a volume  |b nc  |2 rdacarrier 
504 |a Includes bibliographical references. 
650 0 |a Mexican Americans  |x History. 
999 |a MARS 
999 f f |s 3c33b821-d8a7-3446-ac8e-ce6063879fef  |i 08ffcac4-f348-3215-91de-914c070d31bc  |t 0 
952 f f |p normal  |a Texas A&M University  |b College Station  |c Sterling C. Evans Library  |s Evans stk  |d Evans: Library Stacks  |t 0  |e E184.M5 A63 1972  |h Library of Congress classification  |i unmediated -- volume  |m A14802181095 
998 f f |a E184.M5 A63 1972  |t 0  |l Evans: Library Stacks